|
|
|
|
| LEADER |
00000nam a22000007a 4500 |
| 005 |
20201204101429.0 |
| 007 |
cr|||| |||| |
| 008 |
201204s2017 co |||||s|||| 00||0 spa d |
| 020 |
|
|
|a 978-958-781-156-8
|
| 035 |
|
|
|a 32311
|
| 040 |
|
|
|a vLex
|
| 090 |
|
|
|c 10917
|d 10917
|
| 100 |
1 |
|
|a Guerrero, Alba Lucy
|
| 245 |
1 |
0 |
|a Bordes, lm̕ites y fronteras
|h [Recurso electrn̤ico] :
|b Encuentros etnogrf̀icos con niǫs, niąs y adolescentes /
|c Alba Lucy Guerrero, ℓngeles Clemente, Diana Milstein, Maria Dantas-Whitney
|
| 256 |
|
|
|a Servicio en ln̕ea
|
| 260 |
|
|
|a Bogot:̀
|b Pontificia Universidad Javeriana,
|c 2017
|
| 300 |
|
|
|a 1 recurso electrn̤ico
|
| 500 |
|
|
|a Este libro ren︢e siete reportes de estudios etnogrf̀icos sobre procesos educativos desarrollados en colaboracin̤ con niǫs, niąs y adolescentes en diferentes contextos latinoamericanos. Cada capt̕ulo incluye dimensiones relevantes de la experiencia de investigacin̤ colaborativa, interroga sobre la construccin̤ de la pregunta de investigacin̤ con los niǫs, niąs y adolescentes participantes y describe cm̤o la prc̀tica colaborativa de conocimiento ha incidido, reorientado y transformado los proyectos en aspectos metodolg̤icos y el planteamiento del problema y del objeto de estudio.
|
| 506 |
1 |
|
|a Disponible solo en los productos indicados
|d vLex Global
|d vLex Global (Academic Edition, excluding Law Schools)
|d vLex Global (U.S. Academic Edition, Law Schools)
|d vLex Global (U.S. Academic Edition, excluding Law Schools)
|d vLex Global (Academic Edition, Law Schools)
|
| 650 |
0 |
4 |
|a Educacin̤
|z Colombia
|
| 650 |
0 |
4 |
|a Ciencias sociales
|z Colombia
|
| 650 |
0 |
4 |
|a Ciencia polt̕ica
|z Colombia
|
| 650 |
0 |
4 |
|a Educacin̤
|z Colombia
|
| 700 |
1 |
|
|a Clemente, ℓngeles
|
| 700 |
1 |
|
|a Milstein, Diana
|
| 700 |
1 |
|
|a Dantas-Whitney, Maria
|
| 740 |
0 |
|
|a vLex Libros (Servicio en ln̕ea)
|
| 856 |
4 |
0 |
|u http://vlex.com/source/bordes-limites-y-fronteras-encuentros-etnograficos-con-ni-os-ni-as-y-adolescentes-32311
|z Acceso restringido
|
| 942 |
|
|
|c BOOK
|
| 999 |
0 |
|
|a Education
|
| 999 |
0 |
|
|a Social Sciences
|
| 999 |
0 |
|
|a Political science
|
| 999 |
0 |
|
|a Education
|